Bharat's direct taxes ready reckoner 1999-2000 / (Record no. 135880)

MARC details
000 -LEADER
fixed length control field 00719nam a22002297a 4500
005 - DATE AND TIME OF LATEST TRANSACTION
control field 20170124110251.0
010 ## - LIBRARY OF CONGRESS CONTROL NUMBER
LC control number A-946253
020 ## - INTERNATIONAL STANDARD BOOK NUMBER
Terms of availability 260.00
035 ## - SYSTEM CONTROL NUMBER
System control number A-946253
037 ## - SOURCE OF ACQUISITION
Source of stock number/acquisition Cen Lib/Ret
040 ## - CATALOGING SOURCE
Original cataloging agency DPL
Language of cataloging HN
082 ## - DEWEY DECIMAL CLASSIFICATION NUMBER
Classification number 343.05
Item number DHR
100 ## - MAIN ENTRY--PERSONAL NAME
Personal name Dhruv, R.A.
9 (RLIN) 14607
245 ## - TITLE STATEMENT
Title Bharat's direct taxes ready reckoner 1999-2000 /
Statement of responsibility, etc by R. A. Dhruv
250 ## - EDITION STATEMENT
Edition statement 13th ed.
260 ## - PUBLICATION, DISTRIBUTION, ETC. (IMPRINT)
Place of publication, distribution, etc New Delhi
Name of publisher, distributor, etc Bharat Law House
Date of publication, distribution, etc 1999-2000
270 ## - ADDRESS
City New Delhi
Address 222, Tarun Enclave, Pitampura
Postal code 110034
300 ## - PHYSICAL DESCRIPTION
Extent 540p.
Dimensions 23cm(pbk)
650 ## - SUBJECT ADDED ENTRY--TOPICAL TERM
Topical term or geographic name as entry element Direct taxation -- Law and legislation -- India.
9 (RLIN) 110721
650 ## - SUBJECT ADDED ENTRY--TOPICAL TERM
Topical term or geographic name as entry element Direct taxation -- India.
9 (RLIN) 99004
942 ## - ADDED ENTRY ELEMENTS (KOHA)
Source of classification or shelving scheme Dewey Decimal Classification
Koha item type English Books
Classification part 343.05
Call number suffix DHR
Holdings
Withdrawn status Lost status Damaged status Not for loan Home library Current library Date acquired Source of acquisition Cost, normal purchase price Total Checkouts Full call number Barcode Date last seen Copy number Cost, replacement price Price effective from Koha item type
        Central Library Central Library 08/10/2015 Cen Lib/Ret 260.00   343.05 DHR A-946253 08/10/2015 1 260.00 08/10/2015 English Books

© Delhi Public Library
Hit Counter
free hit counter